Отделочные работы. 4: Малярные, обойные и стекольные работы (Запись № 6198570)

Подробности
000 -МАРКЕР
контрольное поле 01716nam2a22002891 4500
001 - ИДЕНТИФИКАТОР ЗАПИСИ
контрольное поле rc\3488855
005 - ИДЕНТИФИКАТОР ВЕРСИИ
контрольное поле 20250610023551.0
021 ## - НОМЕР ГОСУДАРСТВЕННОЙ РЕГИСТРАЦИИ
Код страны Российская Федерация
Номер [73-71973]
035 ## - ДРУГИЕ СИСТЕМНЫЕ НОМЕРА
Идентификатор записи (NLR Aleph) 007648097
100 ## - ДАННЫЕ ОБЩЕЙ ОБРАБОТКИ
Данные общей обработки 20130115d1973 |||y0rusy50 ca
101 0# - ЯЗЫК РЕСУРСА
Язык текста, звукозаписи и т.д. русский
102 ## - СТРАНА ПУБЛИКАЦИИ ИЛИ ПРОИЗВОДСТВА
Страна публикации Российская Федерация
105 ## - ПОЛЕ КОДИРОВАННЫХ ДАННЫХ: ТЕКСТОВЫЕ МАТЕРИАЛЫ, МОНОГРАФИЧЕСКИЕ
Кодированные данные о монографическом текстовом документе y z |||||
200 1# - ЗАГЛАВИЕ И СВЕДЕНИЯ ОБ ОТВЕТСТВЕННОСТИ
Основное заглавие Малярные, обойные и стекольные работы
210 ## - ПУБЛИКАЦИЯ, РАСПРОСТРАНЕНИЕ И ДР.
Дата издания, распространения и т.д. 1973
Место издания, распространения и т.д. Б. м.
215 ## - ФИЗИЧЕСКАЯ ХАРАКТЕРИСТИКА
Специфическое обозначение материала и объем 30 с.
320 ## - ПРИМЕЧАНИЯ О НАЛИЧИИ В ДОКУМЕНТЕ БИБЛИОГРАФИИ / УКАЗАТЕЛЯ
Текст примечания Список лит.: с. 29
461 #0 - УРОВЕНЬ НАБОРА
Встроенное поле 001rc\3488851
-- 2001#$aОтделочные работы$eКонспект лекций$e1-$fМ-во высш. сред. спец. образования СССР. Моск. инж.-строит. ин-т им. В.В. Куйбышева. Фак. повышения квалификации руководителей и специалистов строит. организаций$v4
-- 700#1$aБелоусов$bЕ.Д.$gЕвгений Дмитриевич
Системный номер (АБИС) связанной записи 6198529
Автор Белоусов, Е.Д.
Место публикации Москва
Дата публикации 1972-
Первые сведения об ответственности М-во высш. сред. спец. образования СССР. Моск. инж.-строит. ин-т им. В.В. Куйбышева. Фак. повышения квалификации руководителей и специалистов строит. организаций
Имя издателя, распространителя и т.д. Б. и.
Сведения, относящиеся к заглавию Конспект лекций : 1-
Заглавие Отделочные работы
Номер тома 4
606 ## - НАИМЕНОВАНИЕ ТЕМЫ КАК ПРЕДМЕТ
Наименование темы Обойные работы (вып. 4)
Код системы psbo
606 ## - НАИМЕНОВАНИЕ ТЕМЫ КАК ПРЕДМЕТ
Наименование темы Стекольные работы (вып. 4)
Код системы psbo
606 ## - НАИМЕНОВАНИЕ ТЕМЫ КАК ПРЕДМЕТ
Наименование темы Малярные работы (вып. 4)
Код системы psbo
801 #0 - ИСТОЧНИК ЗАПИСИ
Страна Российская Федерация
Организация NLR
Правила каталогизации psbo
801 #1 - ИСТОЧНИК ЗАПИСИ
Страна Российская Федерация
Организация ELAR
Источник данных rusmarc
852 ## - МЕСТОНАХОЖДЕНИЕ И ШИФР ХРАНЕНИЯ
Идентификатор организации NLR
Шифр хранения (Call Number) 72-4/23128
942 ## - ДОПОЛНИТЕЛЬНЫЕ ЭЛЕМЕНТЫ ЗАПИСИ (АБИС)
Тип экземпляра АБИС Книга
980 ## - КОЛЛЕКЦИЯ
Название коллекции Национальная библиография
Экземпляры
Тип экземпляра Дата поступления Библиотека постоянного хранения Библиотека текущего хранения Место хранения Шифр хранения Штрих-код Статус экземпляра
Книга 26.10.2013 РНБ (Московский) РНБ (Московский) Русский книжный фонд: издания с 1957 года 72-4/23128 7648097-10